Theory & practice of group counseling / (Record no. 331029)

000 -LEADER
fixed length control field 01205cam a2200337 a 4500
001 - CONTROL NUMBER
control field 16228975
003 - CONTROL NUMBER IDENTIFIER
control field NUST
005 - DATE AND TIME OF LATEST TRANSACTION
control field 20180117090030.0
008 - FIXED-LENGTH DATA ELEMENTS--GENERAL INFORMATION
fixed length control field 100512s2012 cau b 001 0 eng
010 ## - LIBRARY OF CONGRESS CONTROL NUMBER
LC control number 2010928556
020 ## - INTERNATIONAL STANDARD BOOK NUMBER
International Standard Book Number 9780840033864 (hbk.)
020 ## - INTERNATIONAL STANDARD BOOK NUMBER
International Standard Book Number 0840033869 (hbk.)
040 ## - CATALOGING SOURCE
Original cataloging agency DLC
Transcribing agency DLC
042 ## - AUTHENTICATION CODE
Authentication code pcc
050 00 - LIBRARY OF CONGRESS CALL NUMBER
Classification number BF637.C6
Item number C576 2012
082 ## - DEWEY DECIMAL CLASSIFICATION NUMBER
Classification number 158.35
100 1# - MAIN ENTRY--PERSONAL NAME
Personal name Corey, Gerald.
9 (RLIN) 4006
245 10 - TITLE STATEMENT
Title Theory & practice of group counseling /
Statement of responsibility, etc. Gerald Corey.
246 3# - VARYING FORM OF TITLE
Title proper/short title Theory and practice of group counseling
250 ## - EDITION STATEMENT
Edition statement 8th ed.
260 ## - PUBLICATION, DISTRIBUTION, ETC.
Place of publication, distribution, etc. Belmont, CA :
Name of publisher, distributor, etc. Brooks/Cole, Cengage Learning,
Date of publication, distribution, etc. c2012.
300 ## - PHYSICAL DESCRIPTION
Extent xxiv, 515 p. ;
Dimensions 26 cm.
500 ## - GENERAL NOTE
General note Rev. ed. of: Theory and practice of group counseling. 7th ed. c2008.
504 ## - BIBLIOGRAPHY, ETC. NOTE
Bibliography, etc. note Includes bibliographical references and index.
650 #0 - SUBJECT ADDED ENTRY--TOPICAL TERM
Topical term or geographic name entry element Group counseling.
9 (RLIN) 4170
650 #0 - SUBJECT ADDED ENTRY--TOPICAL TERM
Topical term or geographic name entry element Small groups.
9 (RLIN) 4426
906 ## - LOCAL DATA ELEMENT F, LDF (RLIN)
a 7
b cbc
c orignew
d 3
e epcn
f 20
g y-gencatlg
942 ## - ADDED ENTRY ELEMENTS (KOHA)
Source of classification or shelving scheme
Koha item type Book
Holdings
Withdrawn status Lost status Source of classification or shelving scheme Damaged status Not for loan Collection code Permanent Location Current Location Shelving location Date acquired Total Checkouts Full call number Barcode Checked out Date last seen Date last checked out Price effective from Koha item type
            Central Library (CL) Central Library (CL) General Stacks 08/29/2017 2 158.35 COR S3H-C-69 04/11/2026 03/12/2026 03/12/2026 08/29/2017 Book
© 2023 Central Library, National University of Sciences and Technology. All Rights Reserved.